| 000 | 01200nab a2200313 i 4500 | ||
|---|---|---|---|
| 003 | BR-BrBNA | ||
| 005 | 20250624093805.0 | ||
| 008 | 250624b2021 bl.ar|pooa||| 00| 0 por | | ||
| 040 |
_aBR-BrBNA _bpor |
||
| 072 |
_aF40 _b1660 |
||
| 072 | _aF30 | ||
| 100 | _aCosta Júnior, Ari Batista da | ||
| 100 | _aKano, Cristiaini | ||
| 100 | _aChaves, Francisco Célio Maia | ||
| 100 | _aSantos, André R. Morais dos | ||
| 100 | _aGentil, Daniel F. de Oliveira | ||
| 100 | _aMarialva, Èrica Ellen Alfaia | ||
| 245 | _aDesempenho agronômico de cultivares de alface crespa roxa na Amazônia Central | ||
| 500 | _a Publicação online; 10 ref.; Summaries (En, Pt) | ||
| 650 | _aALFACE | ||
| 650 | _aCRESCIMENTO | ||
| 650 | _aCOMPORTAMENTO DE VARIEDADE | ||
| 650 | _aCONDIÇÃO AMBIENTAL | ||
| 650 | _aAMAZÔNIA CENTRAL | ||
| 773 | 0 |
_03551 _9345999 _dBelém-PA Faculdade de Ciências Agrárias do Pará 1999 _o2024-6648 _tRevista de Ciências Agrárias (Brazil) _x1517-591X Impresso/Versão online ISSN 2177-8760 _gv. 64 p. 1-6; (2021) _wBR2025003931 |
|
| 856 | _uhttps://ajaes.ufra.edu.br/index.php/ajaes/article/view/3436/1620 | ||
| 942 | _cANA | ||
| 999 |
_c332192 _d332192 |
||